| 000 | 03485nam a22004218i 4500 | ||
|---|---|---|---|
| 001 | BRILL9789004510173 | ||
| 003 | nllekb | ||
| 005 | 20260415154317.0 | ||
| 006 | m d | ||
| 007 | cr un uuuua | ||
| 008 | 230524s2023 gw sb 001 0 eng d | ||
| 020 |
_a9789004510173 _q(electronic book) |
||
| 020 |
_z9789004510166 _q(print) |
||
| 024 | 7 |
_a10.1163/9789004510173 _2DOI |
|
| 035 | _z(OCoLC)1371748015 | ||
| 040 |
_aNL-LeKB _cNL-LeKB _erda |
||
| 041 | _aeng | ||
| 050 | 4 | _aZ151.3 | |
| 072 | 7 |
_aHBLH _2bicssc |
|
| 072 | 7 |
_aHIS _x010000 _2bisacsh |
|
| 072 | 7 |
_aHIS _x037020 _2bisacsh |
|
| 082 | 0 | 4 |
_a686.209420 _223 |
| 100 | 1 |
_aRichards, Celyn David, _eauthor. |
|
| 245 | 1 | 4 |
_aThe English Print Trade in the Reign of Edward VI, 1547-1553 / _cCelyn David Richards. |
| 300 |
_a1 online resource (310 pages) : _billustrations. |
||
| 490 | 1 |
_aLibrary of the Written Word ; _v115 |
|
| 504 | _aIncludes bibliographical references and index. | ||
| 505 | 0 | _tAcknowledgements -- List of Figures, Tables and Graphs -- AbbreviationsI -- 1 Introduction -- 2 The Reign of Edward VI and the English Book World: An Overview -- 1 The English Print World before 1547 -- 2 The Political Conditions of the Reign of Edward VI -- 3 Religious Affairs in England and Europe -- 4 The English Economy -- 5 The Output of English Printers, 1547-1553 -- 6 Edwardian Historiography -- 7 Key Questions -- 3 Print and Government -- 1 Censorship and the Law -- 2 Resistance and Suppression -- 3 The Religious and Social Radical Fringe -- 4 Official Offices, Compulsory Provisions and Rival Texts -- 1 The Canonical Texts of the Edwardian Church -- 2 State Patronage: Printers' Patents and Privileges -- 5 A Technical and Design Examination -- 1 The Henrician State of Affairs -- 2 Design Conventions -- 3 Technical Improvements -- 4 Woodcut Title Borders and Initials -- 5 Stylistic Conventions and Development -- 6 Commercial Networks -- 1 The Composite Parts of the English Book World -- 2 Commercial Relationships between Printers and Publishers -- 3 Partnerships -- 4 Printers for Hire -- 5 Publishers -- 7 The Growth of the Wider English Book World -- 1 'Certayne Honest Menne of the Occupacyon Whose Names Be upon Their Bokes': The Paul's Cross Publishing Syndicate -- 2 'Private' Patronage -- 3 Patronage Partnerships -- 8 Conclusion -- Bibliography -- Index. | |
| 520 | _aThe protestant reformation was critical to the efflorescence of printing in England between 1547 and 1553. Celyn David Richards explores English print culture during this turbulent period, as an official programme of reform, new censorship dynamics and increasingly sophisticated commercial relationships contributed to the trade's rapid expansion. Edward VI's reign saw unprecedented levels of religious print production, London's first publishing syndicate, and a climate of protestant ascendancy which helped English print culture to make up ground on its continental counterparts. | ||
| 546 | _aEnglish | ||
| 650 | 0 |
_aBook industries and trade _zEngland _xHistory _y16th century. |
|
| 650 | 0 |
_aPrinting _xPolitical aspects _zEngland _xHistory _y16th century. |
|
| 650 | 0 |
_aPrinting _zEngland _xHistory _y16th century. |
|
| 776 | 0 | 8 |
_iPrint version: _tThe English Print Trade in the Reign of Edward VI, 1547-1553. _dLeiden ; Boston : Brill, 2023. _z9789004510166 _w(DLC) 2023013632 |
| 830 | 0 |
_aLibrary of the Written Word ; _v115. |
|
| 856 | 4 | _uhttp://dx.doi.org/10.1163/9789004510173 | |
| 942 |
_2ddc _cE-BOOK |
||
| 999 |
_c49425 _d49425 |
||